<?xml version="1.0" encoding="UTF-8"?>
<collection xmlns:xsi="http://www.w3.org/2001/XMLSchema-instance" xsi:schemaLocation="http://www.loc.gov/MARC21/slim http://www.loc.gov/standards/marcxml/schema/MARC21slim.xsd" xmlns="http://www.loc.gov/MARC21/slim">
 <record>
  <leader>00000cam a22000003a 4500</leader>
  <controlfield tag="001">UP-1685594773861923703</controlfield>
  <controlfield tag="003">Buklod</controlfield>
  <controlfield tag="005">20130613162759.0</controlfield>
  <controlfield tag="006">g||| |     ||   ||</controlfield>
  <controlfield tag="007">ta</controlfield>
  <controlfield tag="008">130613s2009    xx     d     r    |||| u|</controlfield>
  <datafield tag="020" ind1=" " ind2=" ">
   <subfield code="a">9879715618823</subfield>
  </datafield>
  <datafield tag="035" ind1=" " ind2=" ">
   <subfield code="a">(iLib)UPBAG-00010549978</subfield>
  </datafield>
  <datafield tag="090" ind1=" " ind2=" ">
   <subfield code="a">HC 79 P63</subfield>
   <subfield code="b">V35 2009</subfield>
  </datafield>
  <datafield tag="245" ind1="1" ind2="0">
   <subfield code="a">Vanuatu economic report 2009</subfield>
   <subfield code="b">accelerating reform.</subfield>
  </datafield>
  <datafield tag="264" ind1=" " ind2="1">
   <subfield code="a">Mandaluyong City</subfield>
   <subfield code="b">Asian Development Bank, AusAID</subfield>
   <subfield code="c">c2009.</subfield>
  </datafield>
  <datafield tag="300" ind1=" " ind2=" ">
   <subfield code="a">ix, 164 p.</subfield>
   <subfield code="b">ill.</subfield>
   <subfield code="c">22 cm</subfield>
  </datafield>
  <datafield tag="490" ind1="0" ind2=" ">
   <subfield code="a">Pacific Studies series</subfield>
  </datafield>
  <datafield tag="505" ind1="0" ind2=" ">
   <subfield code="a">Development performance, issues,, and policies -- An overview of human development -- Development issues -- Challenges and opportunities -- Development policies -- The economy -- Macroeconomic targets -- economic growth -- Exchange rates, trade, and the balance of payments -- Prices and the monetary sector -- Debt and liquidity -- Fiscal aspects -- Outlook -- Continuing reforms -- Social challenges -- Demographic profile -- Traditional social structure -- Health -- Education -- Employment and livelihoods -- Gender Equity -- Urbanization: informal and squatter settlements -- The private sector and the productive sectors -- The private sectors -- Tourism -- Agriculture -- Fisheries -- Infrastructure development -- Economic infrastructure -- Urbanization -- Development policies and strategies -- Governance and public sector management -- Public sector performance -- Fiscal management -- Land management -- Environment -- Issues, causes and constraints -- Mainstreaming the environment.</subfield>
  </datafield>
  <datafield tag="650" ind1=" " ind2="0">
   <subfield code="a">Economic assistance, Australian</subfield>
   <subfield code="z">Vanuatu.</subfield>
  </datafield>
  <datafield tag="650" ind1=" " ind2="0">
   <subfield code="a">Poverty</subfield>
   <subfield code="z">Vanuatu.</subfield>
  </datafield>
  <datafield tag="650" ind1=" " ind2="0">
   <subfield code="a">Poverty reduction.</subfield>
  </datafield>
  <datafield tag="651" ind1=" " ind2="0">
   <subfield code="a">Vanuatu</subfield>
   <subfield code="x">Economic conditions.</subfield>
  </datafield>
  <datafield tag="651" ind1=" " ind2="0">
   <subfield code="a">Vanuatu</subfield>
   <subfield code="x">Economic policy.</subfield>
  </datafield>
  <datafield tag="710" ind1="2" ind2=" ">
   <subfield code="a">Asian Development Bank.</subfield>
  </datafield>
  <datafield tag="852" ind1="0" ind2=" ">
   <subfield code="a">UPBAG</subfield>
   <subfield code="b">KTRC</subfield>
   <subfield code="h">HC 79 P63 V35 2009</subfield>
  </datafield>
  <datafield tag="942" ind1=" " ind2=" ">
   <subfield code="a">Book</subfield>
  </datafield>
 </record>
</collection>
